00459 2200169 4500001002100000005001700021008004100038035002400079082001200103090001800115100001900133245003500152260004100187300002100228650002900249990001100278YOGYA-0512000000033720120510185739.0 ind  0010-051200000000337 a899.228 a899.228 Pra B aPRAWIRODIHARJO aBuratsaricS. Prawirodihardjo. aDjakartabHarapan masa (PGRI)c1957. a180 hlm.c22 cm. aKesusastraan Jawa-cerita a2734-b